| 000 | 00476nam a2200157 i 4500 | ||
|---|---|---|---|
| 001 | 26180 | ||
| 003 | ES-MaACL | ||
| 005 | 20230906153411.0 | ||
| 007 | t| | ||
| 008 | 030108s1973 sp ||||1| spa d | ||
| 245 | 0 | 0 |
_aAspectos legales y económicos del seguro / _c[traducción de: Victoria Ramírez Mittelbrun]. |
| 260 |
_aMadrid : _bMapfre, _c1973. |
||
| 300 |
_a195 p. ; _c22 cm. |
||
| 700 | 1 |
_aRamírez Mittelbrun, Victoria. _995159 |
|
| 852 |
_aES-MaACL _jC-51939 _bR.85474 |
||
| 999 |
_c26180 _d26180 |
||